[Event "GER-ch U10"]
[Site "Oberhof"]
[Date "2011.06.18"]
[Round "11"]
[White "Weiten, Teresa"]
[Black "Von Pogrell, Anna"]
[Result "1-0"]
[WhiteElo "766"]
[BlackElo "719"]
[PlyCount "49"]
[EventDate "2011.06.11"]
[EventType "swiss"]
[EventRounds "11"]
[EventCountry "GER"]
[SourceTitle "CBM 142 Extra"]
[Source "ChessBase"]
[SourceDate "2011.06.27"]
[SourceVersion "1"]
[SourceVersionDate "2011.06.27"]
[SourceQuality "1"]

1. e4 e5 2. Nf3 Nc6 3. Nc3 Nf6 4. d4 d6 5. Bg5 Be7 6. Bc4 0-0 7. 0-0 Bg4 8. Qd3 Qd7 9. Rae1 Rab8 10. d5 Nb4 11. Qe2 Rbe8 12. a3 Na6 13. Bxf6 Bxf6 14. Qe3 Nc5 15. Ng5 Na4 16. Nxa4 Qxa4 17. Bd3 Kh8 18. b3 Qxa3 19. Be2 Bxe2 20. Rxe2 h6 21. Nh3 Bh4 22. Qf3 Rg8 23. Qh5 Bf6 24. Re3 g6 25. Qxh6# 1-0

[Event "GER-ch U10"]
[Site "Oberhof"]
[Date "2011.06.16"]
[Round "8"]
[White "Volkov, Michael"]
[Black "Von Pogrell, Anna"]
[Result "1/2-1/2"]
[WhiteElo "1056"]
[BlackElo "719"]
[PlyCount "108"]
[EventDate "2011.06.11"]
[EventType "swiss"]
[EventRounds "11"]
[EventCountry "GER"]
[SourceTitle "CBM 142 Extra"]
[Source "ChessBase"]
[SourceDate "2011.06.27"]
[SourceVersion "1"]
[SourceVersionDate "2011.06.27"]
[SourceQuality "1"]

1. e4 e5 2. Nf3 Nc6 3. Bc4 Nf6 4. Nc3 Bc5 5. d3 d6 6. Bg5 Bg4 7. h3 Be6 8. 0-0 0-0 9. Nd5 Bxd5 10. Bxd5 Rb8 11. Qd2 Bb4 12. c3 Bc5 13. b4 Bb6 14. a4 a6 15. b5 axb5 16. axb5 Ne7 17. Bxf6 gxf6 18. Nh4 Ng6 19. Nxg6 hxg6 20. Kh1 Kg7 21. f4 Rh8 22. f5 g5 23. Qe2 Qd7 24. Bc4 c6 25. bxc6 bxc6 26. Qe1 d5 27. exd5 cxd5 28. Bb3 d4 29. c4 Bc7 30. Bd1 Rh4 31. Bg4 Rb3 32. Rf3 Rb2 33. Rf2 Rb3 34. Rd2 Qd6 35. Qg3 Qb6 36. Qe1 Qd6 37. Qg3 Qb6 38. Qf2 Qc6 39. Qf3 Qc5 40. Qf2 Qd6 41. g3 Rh8 42. Kh2 Rhb8 43. Bd1 Rb1 44. Rxb1 Rxb1 45. Bg4 Qc6 46. Qf3 Qc5 47. Bh5 Qb4 48. Rf2 Ba5 49. Qe2 Re1 50. Qf3 Re3 51. Qg2 Qc3 52. Qf1 Re1 53. Qg2 Qxd3 54. Bf3 Qxc4 1/2-1/2

[Event "GER-ch U10"]
[Site "Oberhof"]
[Date "2011.06.14"]
[Round "6"]
[White "Reuker, Ronja"]
[Black "Von Pogrell, Anna"]
[Result "0-1"]
[WhiteElo "730"]
[BlackElo "719"]
[PlyCount "20"]
[EventDate "2011.06.11"]
[EventType "swiss"]
[EventRounds "11"]
[EventCountry "GER"]
[SourceTitle "CBM 142 Extra"]
[Source "ChessBase"]
[SourceDate "2011.06.27"]
[SourceVersion "1"]
[SourceVersionDate "2011.06.27"]
[SourceQuality "1"]

1. e4 e5 2. Nf3 Nc6 3. Bb5 Nf6 4. Nc3 Bb4 5. a3 Bxc3 6. dxc3 Nxe4 7. Bxc6 bxc6 8. Nxe5 Qf6 9. Nf3 d6 10. Nd2 Qxf2# 0-1

[Event "GER-ch U10"]
[Site "Oberhof"]
[Date "2011.06.13"]
[Round "3"]
[White "Von Pogrell, Anna"]
[Black "Lohrmann, Tabea"]
[Result "0-1"]
[WhiteElo "719"]
[BlackElo "1039"]
[PlyCount "76"]
[EventDate "2011.06.11"]
[EventType "swiss"]
[EventRounds "11"]
[EventCountry "GER"]
[SourceTitle "CBM 142 Extra"]
[Source "ChessBase"]
[SourceDate "2011.06.27"]
[SourceVersion "1"]
[SourceVersionDate "2011.06.27"]
[SourceQuality "1"]

1. e4 d5 2. exd5 Qxd5 3. Nc3 Qd6 4. Nf3 Bg4 5. Bc4 e6 6. 0-0 Nf6 7. Re1 Be7 8. d3 0-0 9. Nb5 Qd7 10. Qd2 Bxf3 11. gxf3 c6 12. Nc3 Bd6 13. Ne4 Nxe4 14. Rxe4 b5 15. Bb3 Na6 16. Rg4 Qe7 17. Qc3 e5 18. Bg5 Qd7 19. Qd2 Nc5 20. Rh4 Nxb3 21. axb3 Qf5 22. Rg4 Qxf3 23. h3 Qxh3 24. Rh4 Qf5 25. Rf1 Qg6 26. Kg2 f6 27. Rh6 gxh6 28. Kh1 hxg5 29. Rg1 Qf5 30. Rg2 Qf3 31. Qa5 Qd1+ 32. Rg1 Qxc2 33. Qa6 Qxf2 34. Qb7 e4 35. Rg2 Qf3 36. dxe4 Rae8 37. Kg1 Rxe4 38. Rh2 Re1# 0-1